| 000 | 02075nam a22003017a 4500 | ||
|---|---|---|---|
| 999 |
_c21756 _d21756 |
||
| 003 | AR-CdUCM | ||
| 008 | 190425b ||||| |||| 00| 0 spa d | ||
| 040 |
_aMUNICIPALIDAD PROVINCIAL DEL CUSCO _cBIBLIOTECA MUNICIPAL DEL CUSCO |
||
| 082 | _aRev.Univ/N°102/1952 | ||
| 110 |
_aUniversidad Nacional de San Antonio Abad del Cusco _915942 |
||
| 245 |
_aRevista Universitaria : _bÓrgano de la Universidad del Cuzco / |
||
| 260 |
_aCusco : _bH.G. Rozas, _c1952. |
||
| 300 |
_a397 páginas. : _c20 cm. |
||
| 440 |
_aRevista Universitaria _nAño XLI, 1° semestre 1952, N°102. _945983 |
||
| 505 | _aContenido: Hacia una filosofía americana. Humberto Vidal Unda. -- Contenido filosófico del anhelo y el acto. Fernando Manrique E. -- Arequipa. Jorge Cornejo Bouroncle. -- Un aspecto de los problemas de la educación nacional. Benjamín Rojas Díaz. -- Clave dicotómica para ordenes de mamíferos del Cuzco. Ismael Ceballos B. -- Expedición realizada a la provincia de Paucartambo. Segundo Villasante Ortíz. -- Folklore nacional. La Mula. Efraín Morote Best. -- Análisis de Nothoscordum andiculakunth. Eusebio Montesinos. -- Variaciones meteorológicas estacionales en la ciudad de Cusco. Luis Olazo. -- El patriota Felipe de la Rocha. Jorge Cornejo Bouroncle. -- Desarrollo histórico de la cultura occidental. Antonio Astete Abrill. -- El factor emocional la anécdota y la fatiga en la enseñanza de la historia. Juan Francisco León Motta. -- El problema de la realización del producto en la economía capitalista. Carlos Núñez Anavitarte. -- Plan de estudios de las facultades... | ||
| 650 |
_aFilosofía _9395 |
||
| 650 |
_aArequipa _91703 |
||
| 650 |
_aHistoria Paucartambo _945984 |
||
| 650 |
_aFolclore _93233 |
||
| 700 |
_aCornejo Bouroncle, Jorge _915278 |
||
| 700 |
_aMorote Best, Efraín _945981 |
||
| 700 |
_aVillasante Ortiz, Segundo _927858 |
||
| 700 |
_aAstete Abrill, Antonio _932447 |
||
| 700 |
_aLeón Motta, Juan Francisco _945985 |
||
| 710 |
_aUniversidad Nacional de San Antonio Abad del Cusco _915942 |
||
| 942 |
_2ddc _cPP |
||
| 945 | _arac | ||